Statistics for Geography by Letter on the World Map - F

Click here to take the quiz!

General Stats

  • This quiz has been taken 9,606 times
    (1,533 since last reset)
  • The average score is 13 of 20

Answers on the Map

Answers color-coded by a green-red scale on the quiz's map according to % correct below.
Loading ...
 

Answer Stats

Answer% Correct
Finland
99%
France
99%
Fiji
95%
Florida
94%
Falkland Islands
89%
Florence
88%
Fuji
83%
French Guiana
79%
Faroe Islands
79%
Flanders
67%
Fes
64%
Freetown
62%
Fairbanks
55%
Federated States of Micronesia
46%
Fortaleza
40%
Fukuoka
36%
Bay of Fundy
34%
Fujian
18%
Fraser River
17%
Fansipan
6%

Score Distribution

Percentile by Number Answered

Percent of People with Each Score

Your Score History

You have not taken this quiz since the last reset